Limits of property taxes and charges: city revenue structures after the great recession (Record no. 510274)

000 -LEADER
fixed length control field 01515nam a2200181 4500
008 - FIXED-LENGTH DATA ELEMENTS--GENERAL INFORMATION
fixed length control field 190809b ||||| |||| 00| 0 eng d
100 ## - MAIN ENTRY--PERSONAL NAME
Personal name Kim, Yunji
245 ## - TITLE STATEMENT
Title Limits of property taxes and charges: city revenue structures after the great recession
260 ## - PUBLICATION, DISTRIBUTION, ETC. (IMPRINT)
Date of publication, distribution, etc 2019
300 ## - PHYSICAL DESCRIPTION
Extent p.185-209.
520 ## - SUMMARY, ETC.
Summary, etc Public finance theories argue local governments should primarily use broad-based and stable property taxes. However, the housing bust after the Great Recession challenges this argument, and historical trends show cities have heavily relied on charges since the late 1970s. Using 2012 Census of Governments data for 2,396 cities, this article explores which cities rely more on charges and the links between property tax dependence and city stress. Regression results show property tax dependence is linked to capacity, while charges dependence is linked to stress. Charges can be a useful revenue tool for cities under stress, but they may be regressive and their use may be limited to urban places with services that can be charged for and cities with growth pressures and less stringent tax and expenditure limitations. Absent equalization efforts from higher-level governments, barriers to using charges, which cities have little control over, may increase inequality among cities. - Reproduced.
650 ## - SUBJECT ADDED ENTRY--TOPICAL TERM
Topical term or geographic name as entry element Great recession
9 (RLIN) 7999
650 ## - SUBJECT ADDED ENTRY--TOPICAL TERM
Topical term or geographic name as entry element Local government
9 (RLIN) 8000
650 ## - SUBJECT ADDED ENTRY--TOPICAL TERM
Topical term or geographic name as entry element Housing market
9 (RLIN) 8001
773 ## - HOST ITEM ENTRY
Main entry heading Urban Affairs Review
906 ## - LOCAL DATA ELEMENT F, LDF (RLIN)
Subject DIP Property tax
942 ## - ADDED ENTRY ELEMENTS (KOHA)
Source of classification or shelving scheme
Item type Articles
Holdings
Withdrawn status Lost status Source of classification or shelving scheme Damaged status Not for loan Permanent location Current location Date acquired Serial Enumeration / chronology Barcode Date last seen Koha item type
          Indian Institute of Public Administration Indian Institute of Public Administration 2019-08-09 55(1), Jan, 2019: p.185-209. AR119907 2019-08-09 Articles

Powered by Koha